000 00336nam a2200121Ia 4500
008 180205s9999 xx 000 0 und d
020 _a273032682
100 _aBeardshaw, John
245 _cPalfreman, David
_aThe organisation in its environment /
250 _a2nd ed
260 _aUK
_bPitman publishing
_c1991
300 _av, 515 pages
999 _c354854
_d354854